| 000 | 01238cad a22002295a 4500 | ||
|---|---|---|---|
| 001 | L146570 | ||
| 008 | 090204s2009 xxkb f s 000 0 eng d | ||
| 035 | _a(Sirsi) u146570 | ||
| 041 | 0 | _aeng | |
| 050 | 0 | 4 | _a333.33 $2 18 |
| 110 | 2 |
_aPramerica Real Estate Investors _95594 |
|
| 245 | 0 | 0 |
_aUS quarterly market perspective _h[electronic resource] |
| 260 |
_aParsipanny, NJ _bPramerica Real Estate Investors _c2009 |
||
| 490 | 0 |
_aPREI US Quarterly Market Perspective _vJanuary 2009 |
|
| 520 | _aQuarterly report looks at commercial property investment in the US. Key points include suggestions that the commercial property market will continue to follow a downwards trend until perhaps 2010; the availability of commercial mortgage debt remains unclear and that the authors expect REITs to recover somewhat in 2009, after poor performance in 2008 (due, in part, to their association with mortgage debt and financial firms). | ||
| 521 | _aAdvanced | ||
| 590 | _aKA NTK | ||
| 651 | 4 |
_aUnited States _y1959- |
|
| 690 | _aPROPERTY-COMMERCIAL PROPERTY-COMMERCIAL PROPERTY MARKET | ||
| 856 | 4 | 0 |
_uhttps://www.pramericarei.com/pramerica/pdf/realestate/Pra_US_Jan_09.pdf _zView the item free of charge at www.pramericarei.com... |
| 942 | _n0 | ||
| 999 |
_c109220 _d109220 |
||